| 000 | 00774nam a2200205Ia 4500 | ||
|---|---|---|---|
| 005 | 20241129111338.0 | ||
| 008 | 241129s9999||||xx |||||||||||||| ||und|| | ||
| 037 | _aTB | ||
| 040 |
_aCRL _bpun _cCRL |
||
| 041 |
_apun _2pun |
||
| 084 |
_aQ8441:33wJ63 153Q6 _qCRL |
||
| 100 | _aਸਿੰਘ, ਮਲਵਿੰਦਰ, ਚ। | ||
| 245 | 0 |
_aਗੁਰਬਿਲਾਸ ਪਾਤਿਸਾਹੀ ਦਸਮੀ _cਸਿੰਘ, ਮਲਵਿੰਦਰ, ਚ। |
|
| 260 |
_aਅੰਮ੍ਰਿਤਸਰ, ਭਾਰਤ _bਅੰਮ੍ਰਿਤਸਰ ਗੁਰੂ ਨਾਨਕ ਦੇਵ ਯੂਨੀਵਰਸਿਟੀ _c2016 |
||
| 300 | _a443ਪ੍ਰ0 | ||
| 365 |
_aINR _b650 |
||
| 650 | _aSikhismReligion | ||
| 942 |
_cTB _hQ8441:33wJ63 153Q6 |
||
| 999 |
_c1230032 _d1230032 |
||